Affrontez l'Alphabet #3 - Statistiques

Statistiques générales
  • Ce quiz a été pris 172 fois
  • Le résultat moyen est 4 sur 11
Statistiques - réponses
Hint Réponse % Correct
Donne les 2 lettres manquantes du nom de l'auteur du roman "Le tour du monde en 80 jours" : Jules _er_e VN / NV
100%
Donne les 2 lettres manquantes dans le nom de ce jeu de société : Ri_ _
SK / KS
79%
Donne les 2 lettres manquantes du nom de cette série TV : Better Call Sa_ _
UL / LU
58%
Donne les 2 lettres qui complètent le nom de l'ancienne capitale du Rouergue (province du Midi de la France) : Ro_e_ DZ / ZD
35%
Donne les 2 lettres manquantes du nom du 2e empereur de Rome (de septembre 14 à mars 37) : _i_ere TB / BT
30%
Donne les 2 lettres qui complètent le mot dans l'islam qui est un avis juridique donné par un spécialiste de la loi islamique sur une question particulière : _ a t _ a FW / WF
17%
Donne les 2 lettres manquantes dans les paroles de la chanson "Je t'aime" de Lara Fabian : Je t'aime, je t'aime Comme un fou, comme un soldat Comme une star de cinéma Je t'aime, je t'aime Comme un loup, comme un _ o _ RI / IR
13%
Donne les 2 lettres manquantes du nom du basketteur français étranglé dans cet extrait : Rudy _ _bert
GO / OG
12%
Donne les 2 lettres qui complètent le nom de ce western/thriller de 2021 : _r_ Macho
CY / YC
8%
Donne les 2 lettres de l'abrégé d'un album de musique plus long qu'un single mais plus court qu'un album complet.(Depuis 2000 : il désigne des morceaux longue version distribués en parallèle de l'album original) EP / PE
7%
Dernière Question : Donne la lettre la plus présente dans le nom de la race de chien qui est aussi l'une des 15 premières villes du Mexique en 2025 H (cHiHuaHua)
7%
Aucun quiz correspondant
Distribution des résultats
% des personnes avec chaque résultat
Percentile par nombre de réponses
Votre historique - résultats
Vous n’avez pas pris ce quiz